[Event "zonal 3.2 (w)"]
[Site "Thulhiriya SRI"]
[Date "2013.02.03"]
[Round "1.1"]
[White "Jayathilake, Mihirani"]
[Black "Shamima, Akter Liza"]
[Result "0-1"]
[WhiteElo "1605"]
[BlackElo "2135"]
[EventDate "2013.02.03"]
[PlyCount "106"]

1.d4 d5 2.c4 c6 3.cxd5 cxd5 4.Nf3 Nf6 5.Nc3 Nc6 6.Bd2 a6 7.Rc1 Bf5 8.a3 e6
9.Bf4 Be7 10.e3 Qb6 11.Qd2 O-O 12.Be2 Rac8 13.O-O h6 14.Ne1 Ne4 15.Nxe4 
dxe4 16.b4 Rfd8 17.Qb2 Bf6 18.Nc2 Ne7 19.Na1 Nd5 20.Bg3 a5 21.b5 a4 22.
Rfd1 Qa5 23.b6 Rxc1 24.Rxc1 Qxb6 25.Qxb6 Nxb6 26.Rc7 Rc8 27.Rxc8+ Nxc8 28.
Bb5 e5 29.dxe5 Be7 30.Bxa4 Bxa3 31.Nc2 Bc5 32.Nd4 Nb6 33.Nxf5 Nxa4 34.Nd6 
Bxd6 35.exd6 Kf8 36.f3 f5 37.Kf1 Ke8 38.Ke1 Kd7 39.Kd2 exf3 40.gxf3 Nb6 
41.Kc3 Nc8 42.Kb4 Nxd6 43.Kc5 Nc8 44.Kd5 b6 45.e4 Ne7+ 46.Ke5 fxe4 47.fxe4
b5 48.Be1 b4 49.Bxb4 Nc6+ 50.Kf5 Nxb4 51.Kg6 h5 52.h4 Ke6 53.Kxg7 Nd3 0-1

[Event "zonal 3.2 (w)"]
[Site "Thulhiriya SRI"]
[Date "2013.02.03"]
[Round "1.2"]
[White "Sultana, Sharmin Shirin"]
[Black "Senarath, Kavindi"]
[Result "1-0"]
[WhiteElo "1990"]
[BlackElo "1605"]
[EventDate "2013.02.03"]
[PlyCount "79"]

1.d4 Nf6 2.c4 g6 3.Nc3 Bg7 4.e4 d6 5.Be2 O-O 6.Nf3 Re8 7.O-O e5 8.d5 a5 9.
Ne1 Na6 10.Nd3 Bd7 11.Be3 Nb4 12.f3 Nxd3 13.Bxd3 Nh5 14.Qd2 a4 15.Rab1 b6 
16.Rfc1 Qe7 17.b4 axb3 18.axb3 Qf8 19.b4 Nf4 20.Bf1 f5 21.c5 bxc5 22.bxc5 
c6 23.Rb6 cxd5 24.Nxd5 Nxd5 25.Qxd5+ Be6 26.Qxd6 Qxd6 27.cxd6 Bf8 28.Rd1 
Red8 29.Bg5 Rd7 30.Bf6 Ra5 31.exf5 gxf5 32.Bb5 Rda7 33.Bxe5 Kf7 34.Rb8 Bd7
35.Bc4+ Be6 36.Bxe6+ Kxe6 37.Rxf8 Rxe5 38.Re8+ Kf6 39.Rxe5 Kxe5 40.d7 1-0

[Event "zonal 3.2 (w)"]
[Site "Thulhiriya SRI"]
[Date "2013.02.03"]
[Round "1.3"]
[White "Methmini, Nelunika"]
[Black "Ranasinghe, Sachini"]
[Result "1-0"]
[WhiteElo "1585"]
[BlackElo "1854"]
[EventDate "2013.02.03"]
[PlyCount "82"]

1.d4 Nf6 2.c4 e6 3.Nc3 c5 4.d5 d6 5.e4 Be7 6.Nf3 e5 7.Be2 O-O 8.O-O Ne8 9.
Ne1 f5 10.f4 Bf6 11.Qc2 Qe7 12.Bd3 exf4 13.exf5 Bd4+ 14.Kh1 Nd7 15.Ne2 Ne5
16.Nxd4 cxd4 17.Bxf4 Nxd3 18.Qxd3 Rxf5 19.Nc2 Qf6 20.Qxd4 Qf8 21.Ne3 Rf7 
22.Bg5 Bd7 23.Rxf7 Qxf7 24.Rf1 Qg6 25.Qf4 h6 26.Qf8+ Kh7 27.Be7 Rc8 28.Qf7
Nf6 29.Rxf6 Qxf7 30.Rxf7 Re8 31.Bf6 Kg6 32.Rxd7 gxf6 33.Nf1 Re1 34.Kg1 Rc1
35.Rxd6 Rxc4 36.Rd7 Rb4 37.d6 Rxb2 38.Rc7 Rb1 39.d7 Rd1 40.Rxb7 a5 41.Kf2 
Kf5 1-0

[Event "zonal 3.2 (w)"]
[Site "Thulhiriya SRI"]
[Date "2013.02.03"]
[Round "1.4"]
[White "Methmali, Yasoda"]
[Black "Kulatunga, Dinithi"]
[Result "1/2-1/2"]
[WhiteElo "1777"]
[BlackElo "1528"]
[EventDate "2013.02.03"]
[PlyCount "95"]

1.e4 c5 2.Nc3 Nc6 3.g3 g6 4.Bg2 Bg7 5.d3 d6 6.Be3 Nf6 7.h3 O-O 8.Nge2 Rb8 
9.f4 Bd7 10.O-O Qc8 11.Kh2 a6 12.Qd2 Re8 13.f5 Ne5 14.fxg6 fxg6 15.Nf4 b5 
16.Nfd5 Nf7 17.Rab1 Nh5 18.Nf4 Nf6 19.Ncd5 Qd8 20.Nxf6+ Bxf6 21.Nd5 Bg7 
22.c3 e6 23.Nf4 Rf8 24.Rf2 Qe7 25.Rbf1 a5 26.d4 c4 27.Rd1 b4 28.d5 e5 29.
Ne2 b3 30.axb3 cxb3 31.Ra1 a4 32.Nc1 Bb5 33.Nd3 Qb7 34.Nb4 Ra8 35.Bf3 Qd7 
36.Bg4 Qb7 37.Be6 Bd7 38.Bxd7 Qxd7 39.Ra3 Nd8 40.Rxf8+ Bxf8 41.Ra1 Nb7 42.
Nc6 Nc5 43.Bxc5 dxc5 44.c4 Bd6 45.Na5 Qe8 46.Nb7 Qd7 47.Na5 Qe8 48.Nb7 
1/2-1/2

[Event "zonal 3.2 (w)"]
[Site "Thulhiriya SRI"]
[Date "2013.02.03"]
[Round "1.5"]
[White "Tharushi, T. H. D. Niklesha"]
[Black "Yashora, Tiumi"]
[Result "0-1"]
[WhiteElo "1454"]
[BlackElo "1728"]
[EventDate "2013.02.03"]
[PlyCount "100"]

1.d4 Nf6 2.c4 c5 3.d5 e6 4.Bg5 exd5 5.cxd5 Qb6 6.Qd2 Be7 7.Nc3 d6 8.e3 a6 
9.Nf3 Qd8 10.Be2 b5 11.a3 Bf5 12.O-O h6 13.Bf4 O-O 14.Bd3 Bxd3 15.Qxd3 
Nbd7 16.Rfe1 Nh5 17.Bg3 Nxg3 18.hxg3 Bf6 19.Rab1 Rb8 20.Ne4 Be7 21.Kh2 Nf6
22.Nxf6+ Bxf6 23.Rh1 a5 24.Kg1 b4 25.axb4 Rxb4 26.Qc2 Qb6 27.b3 a4 28.Nd2 
Rb8 29.Nc4 Qa6 30.Nd2 Qb7 31.Kh2 axb3 32.Qd3 Qb5 33.Qxb5 R8xb5 34.Rhc1 Rb6
35.Nc4 Ra6 36.f4 Kf8 37.Kg1 b2 38.Rc2 Ra1 39.Nd2 Rxb1+ 40.Nxb1 Ra4 41.Rd2 
Ra1 42.Rd1 c4 43.Kf2 c3 44.Re1 c2 45.Nd2 Rxe1 46.Kxe1 c1=Q+ 47.Ke2 Bc3 48.
Nf3 Qc2+ 49.Kf1 b1=Q+ 50.Ne1 Qxe1# 0-1

[Event "zonal 3.2 (w)"]
[Site "Thulhiriya SRI"]
[Date "2013.02.03"]
[Round "2.1"]
[White "Shamima, Akter Liza"]
[Black "Gunaratne, Manisha Suchini"]
[Result "1-0"]
[WhiteElo "2135"]
[BlackElo "1701"]
[EventDate "2013.02.03"]
[PlyCount "61"]

1.d4 Nf6 2.c4 g6 3.Nc3 Bg7 4.e4 d6 5.Be2 O-O 6.Bg5 Na6 7.Qd2 c5 8.d5 Nc7 
9.f3 a6 10.g4 Rb8 11.h4 b5 12.h5 bxc4 13.Bxc4 Rb4 14.Bb3 Nce8 15.hxg6 fxg6
16.e5 dxe5 17.O-O-O Rf7 18.Qh2 Nd6 19.Nge2 c4 20.Bc2 Qb6 21.Na4 Qa5 22.Bd2
Qb5 23.Bxb4 Qxb4 24.Nac3 e4 25.fxe4 Nxg4 26.Qxh7+ Kf8 27.Rdf1 Nf2 28.Qxg6 
Nd3+ 29.Bxd3 cxd3 30.Rxf7+ Nxf7 31.Rg1 1-0

[Event "zonal 3.2 (w)"]
[Site "Thulhiriya SRI"]
[Date "2013.02.03"]
[Round "2.2"]
[White "Yashora, Tiumi"]
[Black "Sultana, Sharmin Shirin"]
[Result "0-1"]
[WhiteElo "1728"]
[BlackElo "1990"]
[EventDate "2013.02.03"]
[PlyCount "31"]

1.d4 d5 2.c4 c6 3.Nc3 Nf6 4.Nf3 dxc4 5.e4 b5 6.Qc2 Bb7 7.a4 b4 8.Nd1 e6 9.
Bxc4 Nbd7 10.O-O Be7 11.a5 c5 12.Re1 cxd4 13.a6 b3 14.Bxb3 Rc8 15.Qb1 Bxe4
16.Rxe4 0-1

[Event "zonal 3.2 (w)"]
[Site "Thulhiriya SRI"]
[Date "2013.02.03"]
[Round "2.4"]
[White "Ranasinghe, Sachini"]
[Black "Methmali, Yasoda"]
[Result "1-0"]
[WhiteElo "1854"]
[BlackElo "1777"]
[EventDate "2013.02.03"]
[PlyCount "43"]

1.f4 d5 2.Nf3 Nf6 3.e3 g6 4.b3 Bg7 5.Bb2 O-O 6.Be2 c5 7.O-O Nc6 8.Ne5 d4 
9.Nxc6 bxc6 10.Bf3 Bb7 11.Qe2 e6 12.d3 dxe3 13.Qxe3 Qb6 14.Qf2 Rfd8 15.Nc3
Nd5 16.Na4 Qc7 17.Bxg7 Kxg7 18.Bxd5 cxd5 19.Nxc5 Rac8 20.Nxb7 Qxb7 21.Qd4+
Kg8 22.c4 1-0

[Event "zonal 3.2 (w)"]
[Site "Thulhiriya SRI"]
[Date "2013.02.03"]
[Round "2.6"]
[White "Senarath, Kavindi"]
[Black "Tharushi, T. H. D. Niklesha"]
[Result "1-0"]
[WhiteElo "1605"]
[BlackElo "1454"]
[EventDate "2013.02.03"]
[PlyCount "29"]

1.e4 e6 2.d4 d5 3.exd5 exd5 4.Bd3 Nf6 5.Nf3 Bd6 6.O-O O-O 7.Re1 Bg4 8.c3 
c6 9.Nbd2 Nbd7 10.Qc2 Qc7 11.h3 Bh5 12.b4 Bg6 13.a3 Rfe8 14.Bb2 Nb6 15.
Bxg6 1-0

[Event "zonal 3.2 (w)"]
[Site "Thulhiriya SRI"]
[Date "2013.02.04"]
[Round "3.1"]
[White "Methmini, Nelunika"]
[Black "Shamima, Akter Liza"]
[Result "0-1"]
[WhiteElo "1585"]
[BlackElo "2135"]
[EventDate "2013.02.03"]
[PlyCount "50"]

1.d4 d5 2.c4 c6 3.Nf3 Nf6 4.e3 a6 5.Nbd2 Bf5 6.b3 e6 7.Bb2 Nbd7 8.Be2 h6 
9.O-O Qc7 10.Ne5 Bd6 11.f4 O-O 12.g4 Bh7 13.h4 Ne4 14.Bd3 f6 15.cxd5 exd5 
16.Nxe4 Bxe4 17.Ng6 Rfe8 18.Qe2 Nf8 19.h5 Qd7 20.f5 Nh7 21.Nf4 Ng5 22.Bxe4
Rxe4 23.Kg2 Rae8 24.Bc1 Bxf4 25.Rxf4 Rxf4 0-1

[Event "zonal 3.2 (w)"]
[Site "Thulhiriya SRI"]
[Date "2013.02.04"]
[Round "3.3"]
[White "Jayathilake, Mihirani"]
[Black "Yashora, Tiumi"]
[Result "0-1"]
[WhiteElo "1605"]
[BlackElo "1728"]
[EventDate "2013.02.03"]
[PlyCount "100"]

1.d4 c5 2.d5 e5 3.e4 d6 4.Nc3 Be7 5.Bd3 Bg5 6.Nge2 Bxc1 7.Qxc1 Ne7 8.O-O 
O-O 9.Qe3 f5 10.f4 Nd7 11.exf5 Nxf5 12.Qh3 g6 13.Ne4 exf4 14.Nxf4 Ne5 15.
Ne6 Bxe6 16.dxe6 Qe7 17.g4 Nd4 18.g5 Ndf3+ 19.Kh1 Nxg5 20.Nxg5 Qxg5 21.Be4
Qe7 22.Bd5 Rxf1+ 23.Rxf1 Rf8 24.Rxf8+ Kxf8 25.Qf1+ Kg7 26.Qg2 b6 27.Qg3 
Qf6 28.h4 h6 29.Kg2 Kf8 30.Qf2 Qxf2+ 31.Kxf2 Ke7 32.Ke3 Kf6 33.Kf4 g5+ 34.
Kg3 b5 35.b3 gxh4+ 36.Kxh4 Ng6+ 37.Kg4 Ne7 38.Be4 d5 39.Bd3 c4 40.Be2 Kxe6
41.Kh5 Nf5 42.Kg6 Ke5 43.bxc4 bxc4 44.a4 a5 45.c3 Ng3 46.Bd1 Ne4 47.Kxh6 
Nxc3 48.Bc2 d4 49.Kg5 d3 50.Bxd3 cxd3 0-1

[Event "zonal 3.2 (w)"]
[Site "Thulhiriya SRI"]
[Date "2013.02.04"]
[Round "3.4"]
[White "Gunaratne, Manisha Suchini"]
[Black "Senarath, Kavindi"]
[Result "1-0"]
[WhiteElo "1701"]
[BlackElo "1605"]
[EventDate "2013.02.03"]
[PlyCount "73"]

1.d4 Nf6 2.c4 g6 3.Nc3 Bg7 4.e4 d6 5.Nf3 O-O 6.Be2 e5 7.O-O a5 8.a3 Nc6 9.
d5 Nb8 10.Rb1 Ne8 11.b4 axb4 12.axb4 f5 13.c5 fxe4 14.Nxe4 Bf5 15.Bd3 Bxe4
16.Bxe4 Nf6 17.Bc2 Kh8 18.Ng5 Qd7 19.Bb3 Na6 20.c6 Qc8 21.Ba3 b6 22.Ne6 
Rf7 23.b5 Nc5 24.Bxc5 bxc5 25.Bc4 Rb8 26.Rb2 Bh6 27.Qb1 Re7 28.b6 cxb6 29.
Rxb6 Ra8 30.Rb7 Bf8 31.Qb2 Ne8 32.Nxf8 Nc7 33.Nd7 Kg7 34.Qb6 Nxd5 35.Bxd5 
Qd8 36.c7 Qxd7 37.c8=Q 1-0

[Event "zonal 3.2 (w)"]
[Site "Thulhiriya SRI"]
[Date "2013.02.04"]
[Round "3.6"]
[White "Tharushi, T. H. D. Niklesha"]
[Black "Kulatunga, Dinithi"]
[Result "0-1"]
[WhiteElo "1454"]
[BlackElo "1528"]
[EventDate "2013.02.03"]
[PlyCount "88"]

1.d4 d5 2.c4 c6 3.Nf3 e6 4.Nc3 dxc4 5.e3 b5 6.a4 Bb4 7.Bd2 a5 8.axb5 Bxc3 
9.Bxc3 cxb5 10.Be2 Nf6 11.O-O Bb7 12.b3 b4 13.Bb2 c3 14.Bc1 O-O 15.Ne5 
Nbd7 16.f4 Qc7 17.Bf3 Bxf3 18.Qxf3 Nxe5 19.fxe5 Nd5 20.Qg3 f6 21.e4 Nb6 
22.Qg4 Qe7 23.exf6 Rxf6 24.Bg5 Rxf1+ 25.Rxf1 Qd7 26.Bf6 a4 27.Bxg7 Qxg7 
28.Qxe6+ Kh8 29.Qxb6 axb3 30.Qxb4 c2 31.Qc3 Rd8 32.e5 Qg4 33.e6 Qxd4+ 34.
Qxd4+ Rxd4 35.e7 Re4 36.Rf8+ Kg7 37.e8=Q Rxe8 38.Rxe8 c1=Q+ 39.Kf2 Qc5+ 
40.Ke1 b2 41.Kd2 b1=R 42.h3 Rb2+ 43.Kd1 Qc2+ 44.Ke1 Qc1# 0-1

[Event "zonal 3.2 (w)"]
[Site "Thulhiriya SRI"]
[Date "2013.02.05"]
[Round "4.3"]
[White "Yashora, Tiumi"]
[Black "Methmini, Nelunika"]
[Result "1/2-1/2"]
[WhiteElo "1728"]
[BlackElo "1585"]
[EventDate "2013.02.03"]
[PlyCount "83"]

1.d4 Nf6 2.c4 g6 3.Nc3 Bg7 4.e4 d6 5.f3 O-O 6.Bg5 Nbd7 7.Qd2 c5 8.Nge2 a6 
9.g4 Qb6 10.dxc5 Nxc5 11.Nf4 e6 12.h4 Nfxe4 13.fxe4 f6 14.Nxg6 hxg6 15.Be3
Qc7 16.b4 Nd7 17.Bf4 e5 18.Nd5 Qd8 19.Be3 a5 20.h5 g5 21.h6 Bh8 22.h7+ Kg7
23.Qh2 axb4 24.Qh6+ Kf7 25.Qh5+ Kg7 26.Rh2 b3 27.Bxg5 fxg5 28.Qh6+ Kf7 29.
Qh5+ Kg7 30.Qh6+ Kf7 31.Qxd6 Nf6 32.Qxd8 Rxd8 33.Rf2 Bxg4 34.c5 b2 35.Rxb2
Nxd5 36.exd5 Rd7 37.Rab1 Ra7 38.Rg2 Bf3 39.Rxg5 Kf6 40.Rg8 Rxh7 41.Rf8+ 
Rf7 42.Rxh8 1/2-1/2

[Event "zonal 3.2 (w)"]
[Site "Thulhiriya SRI"]
[Date "2013.02.05"]
[Round "4.4"]
[White "Senarath, Kavindi"]
[Black "Methmali, Yasoda"]
[Result "1-0"]
[WhiteElo "1605"]
[BlackElo "1777"]
[EventDate "2013.02.03"]
[PlyCount "77"]

1.e4 d5 2.exd5 Nf6 3.d4 Nxd5 4.h3 g6 5.Nf3 Bg7 6.c4 Nb6 7.Be3 O-O 8.Nc3 
Re8 9.Bd3 Nc6 10.Be2 Na5 11.b3 c5 12.Rc1 cxd4 13.Bxd4 e5 14.Be3 Bf5 15.O-O
Nc6 16.Nb5 Nc8 17.Qxd8 Rxd8 18.Rfd1 N8e7 19.Rxd8+ Rxd8 20.g4 Bf8 21.Nxa7 
Nxa7 22.Bxa7 Nc6 23.Be3 h6 24.Rd1 Re8 25.Ne1 Nd4 26.Bd3 Be6 27.Be4 Ne2+ 
28.Kf1 Nc3 29.Bf3 Nxd1 30.Bxd1 Rd8 31.Bf3 Bc8 32.Nc2 f5 33.Bd5+ Kh7 34.f3 
b5 35.Ke2 bxc4 36.Bxc4 Bb7 37.a4 Bd5 38.Bxd5 Rxd5 39.b4 1-0

[Event "zonal 3.2 (w)"]
[Site "Thulhiriya SRI"]
[Date "2013.02.05"]
[Round "5.1"]
[White "Ranasinghe, Sachini"]
[Black "Shamima, Akter Liza"]
[Result "0-1"]
[WhiteElo "1854"]
[BlackElo "2135"]
[EventDate "2013.02.03"]
[PlyCount "88"]

1.c4 e5 2.Nc3 Nc6 3.g3 g6 4.Bg2 Bg7 5.e3 d6 6.Nge2 f5 7.O-O Nf6 8.d4 O-O 
9.a3 a5 10.Qc2 Qe8 11.Nd5 Qf7 12.Nxf6+ Qxf6 13.Bd5+ Kh8 14.dxe5 dxe5 15.
Bg2 e4 16.Rb1 Ne5 17.Bd2 Qf7 18.b3 g5 19.f4 Qh5 20.Nd4 gxf4 21.Rxf4 Bd7 
22.Qd1 Qg6 23.Qe2 c5 24.Nc2 Bc6 25.Bc3 Nd3 26.Bxg7+ Qxg7 27.Rh4 Ne5 28.Rf4
Rad8 29.Ne1 Kg8 30.Bh3 Nf3+ 31.Nxf3 exf3 32.Qb2 Be4 33.Qxg7+ Kxg7 34.Rb2 
Rd1+ 35.Bf1 h5 36.h3 Kf6 37.g4 hxg4 38.hxg4 Rg8 39.Rh2 Rxg4+ 40.Rxg4 fxg4 
41.Kf2 g3+ 42.Kxg3 Rxf1 43.Rh4 Rg1+ 44.Kh2 Rg2+ 0-1

[Event "zonal 3.2 (w)"]
[Site "Thulhiriya SRI"]
[Date "2013.02.05"]
[Round "5.2"]
[White "Gunaratne, Manisha Suchini"]
[Black "Yashora, Tiumi"]
[Result "1-0"]
[WhiteElo "1701"]
[BlackElo "1728"]
[EventDate "2013.02.03"]
[PlyCount "75"]

1.e4 c5 2.d4 cxd4 3.c3 dxc3 4.Nxc3 Nc6 5.Nf3 g6 6.Bc4 Bg7 7.O-O Nf6 8.Qe2 
O-O 9.Rd1 Ng4 10.Bg5 Kh8 11.Nd5 h6 12.Bf4 d6 13.h3 Nge5 14.Nxe5 Nxe5 15.
Bxe5 Bxe5 16.Qe3 Kh7 17.Rab1 f5 18.f4 Bg7 19.e5 e6 20.Nc3 d5 21.Kh1 Qh4 
22.Bd3 g5 23.Ne2 Bd7 24.Rf1 g4 25.Kh2 Rg8 26.Rbc1 gxh3 27.Qxh3 Qxh3+ 28.
Kxh3 Rac8 29.g4 Rcd8 30.gxf5 exf5 31.Nd4 Rgf8 32.Rc7 Bc8 33.Rg1 Rg8 34.
Bxf5+ Kh8 35.Bxc8 Rxc8 36.Rxb7 Rc4 37.Ne6 Bf8 38.Rxg8+ 1-0

[Event "zonal 3.2 (w)"]
[Site "Thulhiriya SRI"]
[Date "2013.02.05"]
[Round "5.3"]
[White "Methmini, Nelunika"]
[Black "Sultana, Sharmin Shirin"]
[Result "1-0"]
[WhiteElo "1585"]
[BlackElo "1990"]
[EventDate "2013.02.03"]
[PlyCount "121"]

1.d4 d5 2.c4 c6 3.e3 Nf6 4.Nc3 g6 5.Nf3 Bg7 6.Bd3 O-O 7.b3 Nbd7 8.Bb2 a6 
9.O-O b5 10.cxd5 cxd5 11.Rc1 Bb7 12.Re1 Rc8 13.Ba3 Bh6 14.Nd2 Re8 15.f4 
Qa5 16.Bb2 b4 17.Na4 Rxc1 18.Qxc1 Rc8 19.Qb1 Ne8 20.g4 e6 21.f5 exf5 22.
gxf5 Nf8 23.Nc5 Nd6 24.Nf3 Qd8 25.Nxb7 Nxb7 26.Bxa6 Qb6 27.Bd3 Re8 28.Ne5 
Qf6 29.Qc2 Qd6 30.e4 dxe4 31.Bxe4 Nd8 32.Qc5 Qxc5 33.dxc5 gxf5 34.Bd5 Nfe6
35.Nd7 Bg7 36.Nf6+ Bxf6 37.Bxf6 h6 38.c6 Kf8 39.Bxd8 Rxd8 40.Bxe6 fxe6 41.
Rxe6 Rd1+ 42.Kf2 Kg7 43.Re1 Rd8 44.c7 Rc8 45.Rc1 Kg6 46.h4 Kf6 47.Rc5 Ke6 
48.Ke3 Kd6 49.Rxf5 Re8+ 50.Kd4 Kxc7 51.Rf7+ Kc8 52.Rf6 h5 53.Rf5 Rg8 54.
Rxh5 Rg4+ 55.Kc5 Kd7 56.Rh6 Ke7 57.h5 Rh4 58.Rh7+ Kf6 59.h6 Kg6 60.Rb7 
Kxh6 61.Rxb4 1-0

[Event "zonal 3.2 (w)"]
[Site "Thulhiriya SRI"]
[Date "2013.02.05"]
[Round "5.4"]
[White "Jayathilake, Mihirani"]
[Black "Senarath, Kavindi"]
[Result "0-1"]
[WhiteElo "1605"]
[BlackElo "1605"]
[EventDate "2013.02.03"]
[PlyCount "62"]

1.d4 Nf6 2.c4 e5 3.dxe5 Ng4 4.Nf3 Nc6 5.e3 Ngxe5 6.Be2 d6 7.Nbd2 Be7 8.O-O
O-O 9.h3 f5 10.Nd4 Kh8 11.f4 Nd7 12.Ne6 Qe8 13.Nxc7 Qd8 14.Nxa8 Nf6 15.b3 
Bd7 16.Bb2 Qxa8 17.a3 Qe8 18.Bf3 Bd8 19.Qe2 Bb6 20.Rad1 Ne4 21.Nxe4 fxe4 
22.Bg4 Ne7 23.Bd4 Bc7 24.Bxd7 Qxd7 25.g4 d5 26.f5 Nc6 27.Kh1 Qd6 28.cxd5 
Qxd5 29.b4 Qb3 30.Ra1 Nxd4 31.exd4 Qxh3+ 0-1

[Event "zonal 3.2 (w)"]
[Site "Thulhiriya SRI"]
[Date "2013.02.05"]
[Round "5.5"]
[White "Methmali, Yasoda"]
[Black "Tharushi, T. H. D. Niklesha"]
[Result "1-0"]
[WhiteElo "1777"]
[BlackElo "1454"]
[EventDate "2013.02.03"]
[PlyCount "59"]

1.e4 e6 2.d4 d5 3.e5 c5 4.c3 Nc6 5.Nf3 Bd7 6.Bd3 Qb6 7.dxc5 Bxc5 8.O-O 
Nge7 9.b4 Bxb4 10.cxb4 Nxb4 11.Be3 Qc7 12.a3 Nbc6 13.Bf4 Ng6 14.Bg3 Ngxe5 
15.Nxe5 Nxe5 16.Re1 f6 17.Qh5+ g6 18.Bxg6+ Ke7 19.Bxe5 fxe5 20.Qg5+ Kd6 
21.Qxe5+ Kc6 22.Rc1+ Kb5 23.Rxc7 Rac8 24.Nc3+ Kb6 25.Rb1+ Ka5 26.Rxd7 a6 
27.Rxd5+ exd5 28.Qxd5+ b5 29.Rxb5+ axb5 30.Qxb5# 1-0

[Event "zonal 3.2 (w)"]
[Site "Thulhiriya SRI"]
[Date "2013.02.06"]
[Round "6.2"]
[White "Methmini, Nelunika"]
[Black "Gunaratne, Manisha Suchini"]
[Result "1/2-1/2"]
[WhiteElo "1585"]
[BlackElo "1701"]
[EventDate "2013.02.03"]
[PlyCount "98"]

1.d4 Nf6 2.c4 g6 3.Nc3 Bg7 4.e4 d6 5.Bg5 O-O 6.f4 Na6 7.Nf3 c5 8.d5 Nc7 9.
Bd3 a6 10.a4 Rb8 11.a5 b5 12.axb6 Na8 13.O-O Nxb6 14.h3 Qc7 15.Re1 Ne8 16.
Bh4 e6 17.Qc2 Nf6 18.f5 exd5 19.Nxd5 Nbxd5 20.exd5 Nd7 21.Rab1 Ne5 22.Nxe5
Bxe5 23.f6 Kh8 24.Bg5 Rg8 25.Re4 Bf5 26.Re2 Bxd3 27.Qxd3 Qd8 28.Qf3 h6 29.
Bxh6 Qxf6 30.Qxf6+ Bxf6 31.Bf4 Rb6 32.b3 Rgb8 33.g4 g5 34.Bg3 Kg7 35.Kg2 
a5 36.Ra2 Ra8 37.Ra4 Bc3 38.Rc1 Bf6 39.Re1 Raa6 40.Re3 Bd4 41.Rf3 Rb4 42.
Be1 Rxa4 43.bxa4 Bf6 44.Rb3 Ra8 45.Rb6 Be7 46.Bg3 Rd8 47.Ra6 Rb8 48.Rxa5 
Rb4 49.Ra6 Rxc4 1/2-1/2

[Event "zonal 3.2 (w)"]
[Site "Thulhiriya SRI"]
[Date "2013.02.06"]
[Round "6.4"]
[White "Yashora, Tiumi"]
[Black "Methmali, Yasoda"]
[Result "1/2-1/2"]
[WhiteElo "1728"]
[BlackElo "1777"]
[EventDate "2013.02.03"]
[PlyCount "77"]

1.d4 Nf6 2.c4 c5 3.Nf3 cxd4 4.Nxd4 g6 5.Nc3 Bg7 6.e4 d6 7.Be2 a6 8.Be3 
Nbd7 9.Qd2 h5 10.h3 Nc5 11.f3 Ne6 12.Nb3 Bd7 13.Nd5 Nxd5 14.cxd5 Nc5 15.
Nxc5 dxc5 16.Bxc5 Qc7 17.Bf2 Qe5 18.O-O b5 19.Rab1 O-O 20.b3 Rfc8 21.Rbc1 
Kh7 22.Be3 Qd6 23.Rxc8 Rxc8 24.Rc1 Rxc1+ 25.Qxc1 e6 26.Qc5 Qxc5 27.Bxc5 
exd5 28.exd5 Be5 29.Bd3 f5 30.Kf2 Kg7 31.Ke3 Kf6 32.f4 Bc7 33.Bd4+ Kf7 34.
Bc5 Kf6 35.h4 Kf7 36.g3 Bb8 37.Be2 Bc7 38.Kd4 Bb8 39.Kc3 1/2-1/2

[Event "zonal 3.2 (w)"]
[Site "Thulhiriya SRI"]
[Date "2013.02.07"]
[Round "7.2"]
[White "Gunaratne, Manisha Suchini"]
[Black "Sultana, Sharmin Shirin"]
[Result "0-1"]
[WhiteElo "1701"]
[BlackElo "1990"]
[EventDate "2013.02.03"]
[PlyCount "124"]

1.d4 d5 2.c4 c6 3.Nc3 Nf6 4.e3 a6 5.Qc2 g6 6.Bd3 Bg7 7.Nge2 O-O 8.h3 dxc4 
9.Bxc4 b5 10.Bd3 Bb7 11.O-O Nbd7 12.e4 e5 13.Bg5 exd4 14.Nxd4 Ne5 15.Rad1 
Qxd4 16.Bxb5 Qb6 17.Be2 a5 18.Be3 Qb4 19.a3 Qe7 20.Na4 Ned7 21.Nc5 Rfb8 
22.Nxb7 Rxb7 23.Qxc6 Ne5 24.Qc2 Rc7 25.Qa4 Nfd7 26.f4 Nc5 27.Qb5 Ned7 28.
e5 a4 29.Kh1 f6 30.Bc4+ Kh8 31.f5 Nxe5 32.Bd5 Rd8 33.fxg6 hxg6 34.Rd4 g5 
35.Qe2 Bh6 36.Qh5 Kg7 37.h4 Ng6 38.Rf3 Nb3 39.hxg5 Bxg5 40.Re4 Rh8 41.
Qxh8+ Nxh8 42.Rxe7+ Rxe7 43.Bxg5 fxg5 44.Bxb3 axb3 45.Rxb3 Ng6 46.Rb5 Kh6 
47.Rb6 Kh5 48.g4+ Kxg4 49.Rxg6 Re1+ 50.Kg2 Re2+ 51.Kf1 Rxb2 52.Rc6 Ra2 53.
Rc4+ Kh3 54.Rc3+ Kh4 55.Kg1 g4 56.Rd3 Rb2 57.Rc3 Rd2 58.Re3 Kg5 59.Kf1 Kf4
60.Re2 Rd1+ 61.Re1 Kg3 62.a4 Kh2 0-1

[Event "zonal 3.2 (w)"]
[Site "Thulhiriya SRI"]
[Date "2013.02.07"]
[Round "7.3"]
[White "Jayathilake, Mihirani"]
[Black "Methmini, Nelunika"]
[Result "1/2-1/2"]
[WhiteElo "1605"]
[BlackElo "1585"]
[EventDate "2013.02.03"]
[PlyCount "85"]

1.e4 c5 2.Nf3 d6 3.d4 cxd4 4.Nxd4 Nf6 5.Bd3 a6 6.h3 e5 7.Ne2 Be6 8.O-O 
Nbd7 9.Be3 Rc8 10.c3 Nc5 11.f3 d5 12.Ng3 dxe4 13.Bxe4 Nfxe4 14.Nxe4 Qd6 
15.Qd2 Qxd2 16.Nbxd2 Nd3 17.b3 f5 18.Nf2 Nxf2 19.Kxf2 f4 20.Bb6 Rxc3 21.
Rac1 Rd3 22.Ne4 Bf5 23.Rfd1 Bxe4 24.fxe4 Rxd1 25.Rxd1 Be7 26.Rd5 Bf6 27.
Bc7 h6 28.Bxe5 Bxe5 29.Rxe5+ Kd7 30.Kf3 g5 31.h4 gxh4 32.Kxf4 Rg8 33.Kf3 
Rg3+ 34.Kf2 Rg4 35.Kf3 Rg3+ 36.Kf2 Rg4 37.Rh5 Rxe4 38.Rxh6 Rg4 39.Rh5 Kc6 
40.Rf5 Rg6 41.Rf4 Rh6 42.Kg1 h3 43.g3 1/2-1/2

[Event "zonal 3.2 (w)"]
[Site "Thulhiriya SRI"]
[Date "2013.02.07"]
[Round "7.5"]
[White "Senarath, Kavindi"]
[Black "Kulatunga, Dinithi"]
[Result "0-1"]
[WhiteElo "1605"]
[BlackElo "1528"]
[EventDate "2013.02.03"]
[PlyCount "96"]

1.e4 c5 2.Nc3 Nc6 3.f4 g6 4.Nf3 Bg7 5.Be2 d6 6.Bb5 Bd7 7.Bxc6 Bxc6 8.d3 e6
9.O-O Ne7 10.Qe1 O-O 11.Qh4 b5 12.Kh1 b4 13.Ne2 a5 14.Rb1 a4 15.a3 Rb8 16.
axb4 Rxb4 17.c3 Rb7 18.Bd2 Bb5 19.c4 Bc6 20.Bc3 Qb8 21.Qe1 Rb3 22.Qd2 a3 
23.Bxg7 Kxg7 24.Nc1 Rxb2 25.Rxb2 Qxb2 26.Qxb2+ axb2 27.Nb3 Ba4 28.Nbd2 Bc2
29.d4 Rb8 30.Nb1 cxd4 31.Nxd4 Bxe4 32.Nb5 Nf5 33.N5c3 Bd3 34.Re1 Bxc4 35.
Na3 Bd3 36.Rd1 Ba6 37.g4 Ne3 38.Rxd6 Bb7+ 39.Kg1 Bd5 40.h3 Nc4 41.Nxc4 
Bxc4 42.Rd1 Rb3 43.Nb1 Bd3 44.Kh2 Bxb1 45.Rxb1 Kf6 46.Kg2 e5 47.fxe5+ Kxe5
48.Kf2 Rxh3 0-1